Speaking clearly : Improving voice and diction

A guide to speech and public speaking. Exercises and drills are presented in order of increasing difficulty to prevent students from beginning at an inappropriate level or from moving on too quickly. Ear training exercises allow students to monitor and correct their own sounds. It also covers foreig...

وصف كامل

محفوظ في:
التفاصيل البيبلوغرافية
المؤلف الرئيسي: Hahner, Jeffrey C
التنسيق: كتاب
اللغة:Undetermined
منشور في: Boston McGraw-Hill 2004
الموضوعات:
الوسوم: إضافة وسم
لا توجد وسوم, كن أول من يضع وسما على هذه التسجيلة!
Thư viện lưu trữ: Trung tâm Học liệu Trường Đại học Cần Thơ
LEADER 01153nam a2200229Ia 4500
001 CTU_220052
008 210402s9999 xx 000 0 und d
020 |c 19 
082 |a 808.5 
082 |b H148 
100 |a Hahner, Jeffrey C 
245 0 |a Speaking clearly : 
245 0 |b Improving voice and diction 
245 0 |c Jeffrey C. Hahner, Martin A. Sokoloff, Sandra L. Salisch 
260 |a Boston 
260 |b McGraw-Hill 
260 |c 2004 
520 |a A guide to speech and public speaking. Exercises and drills are presented in order of increasing difficulty to prevent students from beginning at an inappropriate level or from moving on too quickly. Ear training exercises allow students to monitor and correct their own sounds. It also covers foreign and ESL speech patterns and problems such as nervousness. In this edition, examples have been rewritten to focus on poular culture, student activites and anecdotes 
650 |a Nói trước công chúng,Tiếng Anh,English language,Public speaking 
650 |x Ngữ âm học,Phonetics 
904 |i Nguyên 
980 |a Trung tâm Học liệu Trường Đại học Cần Thơ